| 000 | 00508nam a22001817a 4500 | ||
|---|---|---|---|
| 003 | MACL | ||
| 005 | 20241018163512.0 | ||
| 008 | 241018b |||||||| |||| 00| 0 eng d | ||
| 040 | _cMACL | ||
| 082 | _a370 | ||
| 100 |
_a Beniwal Prateek _982540 |
||
| 245 | _aSuccess Master CTET Paper 1 (class I-V ) | ||
| 260 |
_aNew Delhi _bArihant Publication _c2024 |
||
| 440 |
_aSuccess Master CTET Paper 1 (class I-V ) _982541 |
||
| 600 |
_a Beniwal Prateek _982540 |
||
| 650 | _aEducation | ||
| 942 |
_2ddc _cC. BOOKS |
||
| 999 |
_c67081 _d67081 |
||